000 00753nam a2200229Ii 4500
003 JO-AjNU
008 230605s9999||||xx |||||||||||||| ||und||
017 _a2015/3/1248
020 _a978-9957-94-235-9
040 _aJO-AjNU
_bara
_erda
_cJO-AjNU
041 _aara
050 1 4 _aDS110 2016
100 3 _aاعداد هارون، جهاد إسماعيل، اعداد الفاخري، سوسن عادل ,
_eauthor
_957781
245 0 0 _aالعقبة تاريخ وحضارة
250 _aط1
264 3 1 _aعمان: وزارة الثقافة، 2016
300 _a138ص
336 _atext
_btxt
_2rdacontent
337 _aunmediated
_bn
_2rdamedia
338 _avolume
_bnc
_2rdacarrier
650 4 _aالعقبة - الأردن - تاريخ
_957782
999 _aA25913
_c29481
_d29481